000 01126cam a2200325 a 4500
001 16707166
003 OSt
005 20250930113437.0
008 110325s2010 njua b 001 0 eng
010 _a 2011288031
020 _a9788177583670
038 _akhadija
040 _aDLC
_cDLC
050 0 0 _aQ335
_b.R86 2010
082 _a006.3
_bRUS
100 1 _aRussell, Stuart
_q(Stuart Jonathan)
_982173
245 1 0 _aArtificial Intelligence :
_bA Modern Approach /
_cStuart J. Russell and Peter Norvig ; contributing writers, Ernest Davis ... [et al.].
250 _a2nd ed.
260 _aUpper Saddle River :
_bPrentice Hall,
_cc2010.
300 _axviii, 1132 p. :
_bill. ;
_c26 cm.
490 0 _aPrentice Hall series in artificial intelligence
504 _aIncludes bibliographical references (p. 1063-1093) and index.
563 _apaperback
650 0 _aArtificial intelligence.
_918060
700 1 _aNorvig, Peter.
_955386
700 1 _aDavis, Ernest.
_982174
906 _a7
_bcbc
_corigcop
_d3
_encip
_f20
_gy-gencatlg
942 _2ddc
_cBK
999 _c32289
_d32289